000 004450000a22001810004500
003 MACL
005 20151007121827.0
008 151007b xxu||||| |||| 00| 0 eng d
040 _aMACL
_cMACL
041 _aEnglish
082 _a954/CHA
100 _aChandra, Satish
_92511
245 _aHistory of Medievel India(800-1700)
260 _bOrient Longman
_c2007
_aNew Delhi
350 _a295
650 _aHistory
_913953
942 _cBK
_k954
_2ddc
999 _c8173
_d8173